000
00306nam a2200121 a 4500
005
20140414132112.0
008
110805s19uu xx 00 eng d
050
_a
TR
_b
La153 2000
100
_a
Trent-Cooper, Jennifer
245
_a
The Lad.
260
_a
Philippines :
_b
Soundscope,
_c
2000.
999
_c
114802
_d
114802